Introductory microbiology / (Record no. 156181)

MARC details
000 -LEADER
fixed length control field 00881nam a2200253 a 4500
003 - CONTROL NUMBER IDENTIFIER
control field OSt
005 - DATE AND TIME OF LATEST TRANSACTION
control field 20250625120836.0
008 - FIXED-LENGTH DATA ELEMENTS--GENERAL INFORMATION
fixed length control field
020 ## - INTERNATIONAL STANDARD BOOK NUMBER
International Standard Book Number 0521586925 (Paperback)
040 ## - CATALOGING SOURCE
Transcribing agency NUST
Original cataloging agency NUST
Language of cataloging eng
Modifying agency NUST
Description conventions rda
050 00 - LIBRARY OF CONGRESS CALL NUMBER
Classification number QR41.2 HER
100 1# - MAIN ENTRY--PERSONAL NAME
Personal name Heritage, J.
Relator term Author
245 00 - TITLE STATEMENT
Title Introductory microbiology /
Statement of responsibility, etc. J. Heritage, E.G.V. Evans and R.A. Killington.
260 ## - PUBLICATION, DISTRIBUTION, ETC.
Place of publication, distribution, etc. Cambridge, [Eng.] :
Name of publisher, distributor, etc. Cambridge University Press,
Date of publication, distribution, etc. ©1996.
300 ## - PHYSICAL DESCRIPTION
Extent xiv, 234 pages :
Other physical details illustrations ;
Dimensions 22 cm.
336 ## - CONTENT TYPE
Source rdacontent
Content type term text
Content type code txt
337 ## - MEDIA TYPE
Source rdamedia
Media type term unmediated
Media type code n
338 ## - CARRIER TYPE
Source rdacarrier
Carrier type term volume
Carrier type code nc
504 ## - BIBLIOGRAPHY, ETC. NOTE
Bibliography, etc. note Includes bibliographical references and index.
650 #0 - SUBJECT ADDED ENTRY--TOPICAL TERM
Topical term or geographic name entry element Microbiology.
700 1# - ADDED ENTRY--PERSONAL NAME
Personal name Evans, E.G.V.
Relator term Author
700 1# - ADDED ENTRY--PERSONAL NAME
Personal name Killington, R.A.
Relator term Author
942 ## - ADDED ENTRY ELEMENTS (KOHA)
Koha item type Ordinary Loan Books
Source of classification or shelving scheme Library of Congress Classification
Classification part QR41.2 HER
Call number prefix QR
Call number suffix HER
Suppress in OPAC No
Holdings
Withdrawn status Lost status Source of classification or shelving scheme Damaged status Not for loan Collection Home library Current library Shelving location Date acquired Cost, normal purchase price Total Checkouts Full call number Barcode Date last seen Cost, replacement price Price effective from Koha item type Public note Source of acquisition Accession number
    LCC     NFIC MAIN MAIN GEN 01/23/2023 40.00 94 QR41.2 HER 92003022507 01/23/2023 40.00 01/23/2023 BOOKS Donation    
            MAIN MAIN   07/15/2024 40.00   QR41.2 HER 92004055152 07/15/2024 40.00 07/15/2024 BOOKS Donation Book Aid International 61041